| Tag |
First Indicator |
Second Indicator |
Subfields |
| LEADER |
00000cam a2200000 a 4500 |
| 001 |
in00000083875 |
| 005 |
20151008054329.0 |
| 008 |
800418s1979 enk b 00100 eng d |
| 020 |
|
|
|a 0859910539 :
|c 10.00
|
| 020 |
|
|
|a 0847662365 (US)
|
| 035 |
|
|
|a (OCoLC)06217505
|
| 035 |
|
|
|9 AAJ0341AM
|
| 040 |
|
|
|a IAI
|c IAI
|d m.c.
|d TXA
|d UtOrBLW
|
| 049 |
|
|
|a TXAM
|c [1803964]
|
| 090 |
|
|
|a PR1896
|b .E8
|
| 245 |
0 |
0 |
|a Essays on Troilus and Criseyde /
|c edited by Mary Salu.
|
| 264 |
|
1 |
|a Cambridge [England] :
|b D. S. Brewer ;
|a Totowa, N.J. :
|b Rowman and Littlefield,
|c [1979]
|
| 264 |
|
4 |
|c ©1979
|
| 300 |
|
|
|a 143 pages ;
|c 25 cm.
|
| 336 |
|
|
|a text
|b txt
|2 rdacontent
|
| 337 |
|
|
|a unmediated
|b n
|2 rdamedia
|
| 338 |
|
|
|a volume
|b nc
|2 rdacarrier
|
| 490 |
1 |
|
|a Chaucer studies ;
|v 3
|
| 504 |
|
|
|a Includes bibliographical references and index.
|
| 600 |
1 |
1 |
|a Chaucer, Geoffrey,
|d -1400.
|t Troilus and Criseyde.
|
| 700 |
1 |
|
|a Salu, Mary.
|
| 830 |
|
0 |
|a Chaucer studies ;
|v 3.
|
| 999 |
|
|
|a MARS
|
| 999 |
f |
f |
|s 276494df-6188-30da-86de-a785033a2760
|i f9cf26b9-238e-3221-a0a2-59c28ec45aeb
|t 0
|
| 952 |
f |
f |
|p normal
|a Texas A&M University
|b College Station
|c Sterling C. Evans Library
|d Evans: Library Stacks
|t 0
|e PR1896 .E8
|h Library of Congress classification
|i unmediated -- volume
|m A14806183714
|
| 998 |
f |
f |
|a PR1896 .E8
|t 0
|l Evans: Library Stacks
|